00902cam a2200265u 450000100060000000300080000600500170001400800410003103500190007204000330009104100080012408200180013210000450015024501380019526000630033330000280039649000320042465000370045665000230049365000190051670000200053570000250055570000240058083000320060431288BD-RjUL20211209051700.0140415r19601933enk 000 0 eng d a(BD-RjUL)31375 aDLCcCarPdDLCdBD-RjULbeng aeng00a193bNIT 19601 aNietzsche, Friedrich Wilhelmd1844-1900.10aThus spake Zarathustra /cFriedrich Wilhelm Nietzsche ; translated by A. Tille ; revised by M. M. Bozman ; introduction by Roy Pascal aLondon ;bJ. M. Dent & sons, ltd. ;c1933 [Reprinted 1960] axxiii, 288 p. ;c18 cm. aEveryman's Library ;v 892  0aSuperman (Philosophical concept) 0aPhilosophy, German 0aZoroastrianism1 aTille, A. , tr.1 aBozman, M. M. , rev.1 aPascal, Roy, intro. aEveryman's Library ;v 892